Lataa...

Dictonary of National Biography

Bibliografiset tiedot
Muut tekijät: S P Sen(Ed.)
Aineistotyyppi: Printed Book
Julkaistu: Calcutta; Institute of Historical Studies; 1972
Aiheet:
LEADER 00514nam a22001337a 4500
082 |a 920  |b Sen/D L2 vol-1 
245 |a Dictonary of National Biography 
260 |a Calcutta;  |b Institute of Historical Studies;  |c 1972 
300 |a Ix+480P. 
650 |a Biography/Autobiography  |9 302589 
700 |a S P Sen(Ed.)  |9 156997 
942 |c BK 
999 |c 72074  |d 72074 
952 |0 0  |1 0  |4 0  |6 920_000000000000000_SEN_D_L2_VOL1  |7 0  |8 Engauto  |9 85137  |a MAL  |b MAL  |d 2017-01-10  |e 21644  |g 400.00  |l 0  |o 920 Sen/D L2 vol-1  |p MAL021644  |r 2017-01-10  |t 1  |w 2017-01-10  |y BK